000 00576nam a2200205Ia 4500
005 20260429111950.0
008 260429s9999||||xx |||||||||||||| ||und||
020 _a9780443284885
041 _aEnglish
082 _a571.6
_bKIE
100 _aKierszenbaum, Abraham L.
245 0 _aHistology and cell biology :
_ban introduction to pathology /
_cAbraham L. Kierszenbaum
250 _a6th ed.
260 _aUnited States :
_bElsevier,
_c2026.
300 _axvi, 805 p.; pbk
650 _a Cell biology
650 _aBiology
700 _a Tres, Laura L.
942 _cTB
999 _c51659
_d51659